Statistics for Czech Republic Euro 2020 Squad

Click here to take the quiz!

General Stats

  • This quiz has been taken 451 times
  • The average score is 10 of 27

Answer Stats

#PositionPlayer% Correct
10FWPatrik Schick
92%
15MFTomáš Souček
79%
5DFVladimír Coufal
70%
1GKTomáš Vaclík
68%
19FWAdam Hložek
49%
21MFAlex Král
47%
8MF ©Vladimír Darida
47%
23GKJiří Pavlenka
46%
9DFTomáš Holeš
42%
14MFJakub Jankto
41%
12MFLukáš Masopust
36%
18DFJan Bořil
35%
6DFTomáš Kalas
34%
11FWMichael Krmenčík
33%
3DFOndřej Čelůstka
33%
2DFPavel Kadeřábek
33%
7MFAntonín Barák
32%
20FWMatěj Vydra
32%
ManagerJaroslav Šilhavý
29%
4DFJakub Brabec
24%
17DFDavid Zima
23%
16GKAleš Mandous
22%
13MFPetr Ševčík
22%
24FWTomáš Pekhart
20%
22DFAleš Matějů
17%
25MFJakub Pešek
15%
26MFMichal Sadílek
15%

Score Distribution

Percentile by Number Answered

Percent of People with Each Score

Your Score History

You have not taken this quiz